[Event "Portugal Open Semirrapidas"]
[Site "Lisboa POR"]
[Date "2020.02.02"]
[Round "7.36"]
[White "PIRES, Emanuel"]
[Black "GARCIA, Antonio"]
[Result "0-1"]
[BlackElo "1685"]
[WhiteElo "2081"]
[LiveChessVersion "1.4.8"]

1. c4 {[%clk 0:15:04]} c6 {[%clk 0:14:50]} 2. g3 {[%clk 0:15:08]} Nf6
{[%clk 0:14:43]} 3. Bg2 {[%clk 0:15:12]} d5 {[%clk 0:14:46]} 4. Nf3
{[%clk 0:15:15]} g6 {[%clk 0:14:39]} 5. O-O {[%clk 0:15:18]} Bg7 {[%clk 0:14:42]}
6. a3 {[%clk 0:15:22]} O-O {[%clk 0:14:41]} 7. cxd5 {[%clk 0:15:25]} cxd5
{[%clk 0:14:37]} 8. d3 {[%clk 0:15:29]} Nc6 {[%clk 0:14:28]} 9. b4
{[%clk 0:15:32]} Re8 {[%clk 0:12:47]} 10. Bb2 {[%clk 0:15:35]} Bg4
{[%clk 0:12:33]} 11. Nbd2 {[%clk 0:15:38]} Qd7 {[%clk 0:11:49]} 12. Nb3
{[%clk 0:15:34]} Bh3 {[%clk 0:11:31]} 13. Nc5 {[%clk 0:15:35]} Qc8
{[%clk 0:11:21]} 14. Bxh3 {[%clk 0:15:17]} Qxh3 {[%clk 0:11:23]} 15. Nxb7
{[%clk 0:14:39]} Ng4 {[%clk 0:11:11]} 16. Bxg7 {[%clk 0:14:39]} Kxg7
{[%clk 0:11:13]} 17. d4 {[%clk 0:11:24]} e5 {[%clk 0:10:35]} 18. e3
{[%clk 0:06:32]} e4 {[%clk 0:08:43]} 19. Re1 {[%clk 0:06:36]} Re6
{[%clk 0:06:50]} 20. Qe2 {[%clk 0:04:57]} exf3 {[%clk 0:05:19]} 21. Qxf3
{[%clk 0:05:01]} Qxh2+ {[%clk 0:05:05]} 22. Kf1 {[%clk 0:05:06]} Rf6
{[%clk 0:04:46]} 23. Qxf6+ {[%clk 0:05:04]} Kxf6 {[%clk 0:04:33]} 24. Ra2
{[%clk 0:04:59]} Re8 {[%clk 0:03:45]} 25. Nd6 {[%clk 0:03:21]} Re6
{[%clk 0:03:43]} 26. e4 {[%clk 0:03:24]} Nxd4 {[%clk 0:03:20]} 27. e5+
{[%clk 0:02:08]} Rxe5 {[%clk 0:03:10]} 28. Rxe5 {[%clk 0:02:11]} Qh1# 0-1

[Event "Portugal Open Semirrapidas"]
[Site "Lisboa POR"]
[Date "2020.02.02"]
[Round "7.37"]
[White "GUERREIRO, Nuno"]
[Black "DUQUE, Raquel"]
[Result "0-1"]
[BlackElo "1540"]
[WhiteElo "2054"]
[LiveChessVersion "1.4.8"]

1. Nf3 {[%clk 0:15:09]} Nf6 {[%clk 0:15:07]} 2. g3 {[%clk 0:15:14]} g6
{[%clk 0:15:11]} 3. Bg2 {[%clk 0:15:18]} Bg7 {[%clk 0:15:15]} 4. O-O
{[%clk 0:15:22]} O-O {[%clk 0:15:18]} 5. c4 {[%clk 0:15:26]} d5 {[%clk 0:15:19]}
6. cxd5 {[%clk 0:15:20]} Nxd5 {[%clk 0:15:22]} 7. d4 {[%clk 0:15:19]} Nc6
{[%clk 0:14:47]} 8. h3 {[%clk 0:15:15]} Bf5 {[%clk 0:14:43]} 9. Re1
{[%clk 0:14:41]} Be4 {[%clk 0:14:32]} 10. Nbd2 {[%clk 0:14:38]} Bxf3
{[%clk 0:14:27]} 11. Nxf3 {[%clk 0:14:39]} Nb6 {[%clk 0:14:29]} 12. Be3
{[%clk 0:13:32]} Nc4 {[%clk 0:13:57]} 13. b3 {[%clk 0:13:29]} Nxe3
{[%clk 0:13:59]} 14. fxe3 {[%clk 0:13:32]} Rb8 {[%clk 0:13:58]} 15. Rc1
{[%clk 0:13:32]} e5 {[%clk 0:14:00]} 16. d5 {[%clk 0:13:22]} Ne7 {[%clk 0:13:16]}
17. e4 {[%clk 0:13:21]} Qd7 {[%clk 0:13:12]} 18. Qc2 {[%clk 0:13:19]} c6
{[%clk 0:12:36]} 19. Red1 {[%clk 0:13:04]} Qd6 {[%clk 0:12:39]} 20. dxc6
{[%clk 0:12:46]} Qxc6 {[%clk 0:12:38]} 21. Qxc6 {[%clk 0:12:36]} Nxc6
{[%clk 0:12:37]} 22. Rd7 {[%clk 0:12:28]} Rfd8 {[%clk 0:12:33]} 23. Rcd1 Nd4
{[%clk 0:12:35]} 24. Rxd8+ {[%clk 0:12:27]} Rxd8 {[%clk 0:12:34]} 25. Nxd4 Rxd4
26. Rxd4 {[%clk 0:12:18]} exd4 {[%clk 0:12:37]} 27. Kf1 {[%clk 0:12:21]} Be5
{[%clk 0:12:40]} 28. g4 {[%clk 0:12:22]} Kg7 {[%clk 0:12:44]} 29. Kf2
{[%clk 0:12:24]} Kf6 {[%clk 0:12:48]} 30. e3 {[%clk 0:12:28]} d3 {[%clk 0:12:18]}
31. Bf1 {[%clk 0:12:27]} d2 {[%clk 0:12:19]} 32. Be2 {[%clk 0:12:27]} Bc3
{[%clk 0:12:19]} 33. Kf3 {[%clk 0:12:27]} Ke5 {[%clk 0:12:19]} 34. Bd1
{[%clk 0:12:27]} f5 {[%clk 0:11:55]} 35. exf5 {[%clk 0:12:20]} gxf5
{[%clk 0:11:58]} 36. gxf5 {[%clk 0:12:24]} Kxf5 {[%clk 0:12:02]} 37. Ke2
{[%clk 0:11:48]} Kg5 {[%clk 0:11:47]} 38. Kd3 {[%clk 0:11:46]} Bb4
{[%clk 0:11:51]} 39. Kc4 {[%clk 0:11:15]} a5 {[%clk 0:11:17]} 40. Kb5
{[%clk 0:09:20]} Kh4 {[%clk 0:11:15]} 41. Kb6 {[%clk 0:09:09]} Kxh3
{[%clk 0:11:19]} 42. Kxb7 {[%clk 0:09:13]} Kg2 {[%clk 0:11:23]} 43. e4
{[%clk 0:09:13]} Kf2 {[%clk 0:11:26]} 44. Kc7 {[%clk 0:09:10]} Ke1
{[%clk 0:11:30]} 45. Bh5 {[%clk 0:09:13]} 0-1

[Event "Portugal Open Semirrapidas"]
[Site "Lisboa POR"]
[Date "2020.02.02"]
[Round "7.38"]
[White "BASILIO, Rodrigo"]
[Black "FERNANDES, Miguel"]
[Result "1-0"]
[BlackElo "1987"]
[WhiteElo "1749"]
[LiveChessVersion "1.4.8"]

1. e4 {[%clk 0:15:07]} c6 {[%clk 0:15:05]} 2. d4 {[%clk 0:15:10]} d5
{[%clk 0:15:09]} 3. Nd2 {[%clk 0:15:13]} dxe4 {[%clk 0:15:12]} 4. Nxe4
{[%clk 0:15:16]} Nf6 {[%clk 0:15:16]} 5. Nxf6+ {[%clk 0:15:17]} exf6
{[%clk 0:15:20]} 6. h3 {[%clk 0:15:04]} Bd6 {[%clk 0:15:15]} 7. Nf3
{[%clk 0:15:07]} O-O {[%clk 0:15:16]} 8. Be2 {[%clk 0:14:57]} Re8
{[%clk 0:15:20]} 9. O-O {[%clk 0:14:58]} Nd7 {[%clk 0:15:22]} 10. Be3
{[%clk 0:15:00]} Nf8 {[%clk 0:15:25]} 11. c4 {[%clk 0:14:15]} Be6
{[%clk 0:15:17]} 12. Qd2 {[%clk 0:14:06]} Qc7 {[%clk 0:15:05]} 13. d5
{[%clk 0:13:47]} Bd7 {[%clk 0:14:52]} 14. Rfd1 {[%clk 0:13:45]} Rad8
{[%clk 0:14:48]} 15. c5 {[%clk 0:13:23]} Be5 {[%clk 0:14:32]} 16. d6
{[%clk 0:13:11]} Qb8 {[%clk 0:14:08]} 17. Rab1 {[%clk 0:10:27]} Bf5
{[%clk 0:13:45]} 18. Bd3 {[%clk 0:10:28]} Bxd3 {[%clk 0:13:39]} 19. Qxd3
{[%clk 0:10:31]} Nd7 {[%clk 0:13:38]} 20. Nh4 {[%clk 0:10:27]} f5
{[%clk 0:12:28]} 21. Nxf5 {[%clk 0:10:14]} Bf6 {[%clk 0:12:26]} 22. f4
{[%clk 0:09:55]} g6 {[%clk 0:11:41]} 23. Nh6+ {[%clk 0:09:35]} Kg7
{[%clk 0:11:41]} 24. Ng4 {[%clk 0:08:41]} Kg8 {[%clk 0:10:28]} 25. Bd4
{[%clk 0:07:48]} Re6 {[%clk 0:09:53]} 26. f5 {[%clk 0:06:43]} Bxd4+
{[%clk 0:09:54]} 27. Qxd4 {[%clk 0:06:47]} gxf5 {[%clk 0:09:55]} 28. Ne3
{[%clk 0:05:35]} Re4 {[%clk 0:09:58]} 29. Qc3 {[%clk 0:05:39]} Re5
{[%clk 0:09:06]} 30. b4 {[%clk 0:05:14]} Rde8 {[%clk 0:09:09]} 31. Rd3
{[%clk 0:04:37]} Qd8 {[%clk 0:09:09]} 32. Rf1 {[%clk 0:03:10]} Nf8
{[%clk 0:04:49]} 33. Nxf5 {[%clk 0:03:03]} Ng6 {[%clk 0:04:53]} 34. Rg3
{[%clk 0:01:31]} f6 {[%clk 0:04:15]} 35. Qc4+ {[%clk 0:01:05]} Kf8
{[%clk 0:03:28]} 36. Ne7 {[%clk 0:00:49]} Nxe7 {[%clk 0:03:28]} 37. dxe7+
{[%clk 0:00:53]} Kxe7 {[%clk 0:03:30]} 38. Rg7+ 1-0

[Event "Portugal Open Semirrapidas"]
[Site "Lisboa POR"]
[Date "2020.02.02"]
[Round "7.39"]
[White "CHAVEZ DULCE, Angie"]
[Black "CARNEIRO, Carlos"]
[Result "0-1"]
[BlackElo "2106"]
[WhiteElo "1735"]
[LiveChessVersion "1.4.8"]

1. e4 {[%clk 0:15:08]} c5 {[%clk 0:15:08]} 2. Nc3 {[%clk 0:15:08]} Nc6
{[%clk 0:15:11]} 3. g3 {[%clk 0:15:11]} g6 {[%clk 0:15:14]} 4. Bg2
{[%clk 0:15:14]} Bg7 {[%clk 0:15:18]} 5. f4 {[%clk 0:15:15]} d6 {[%clk 0:15:20]}
6. Nf3 {[%clk 0:15:16]} e6 {[%clk 0:15:23]} 7. O-O {[%clk 0:15:17]} Nge7
{[%clk 0:15:27]} 8. d3 {[%clk 0:14:52]} O-O {[%clk 0:15:29]} 9. Be3
{[%clk 0:13:53]} Nd4 {[%clk 0:15:28]} 10. Rb1 {[%clk 0:13:02]} Rb8
{[%clk 0:15:30]} 11. Ne2 {[%clk 0:13:00]} Nxf3+ {[%clk 0:15:06]} 12. Bxf3
{[%clk 0:13:01]} b5 {[%clk 0:15:09]} 13. d4 {[%clk 0:12:50]} c4 {[%clk 0:14:11]}
14. a3 {[%clk 0:12:22]} a5 {[%clk 0:14:07]} 15. c3 {[%clk 0:12:18]} b4
{[%clk 0:13:58]} 16. axb4 {[%clk 0:12:16]} axb4 {[%clk 0:14:01]} 17. cxb4
{[%clk 0:11:57]} Rxb4 {[%clk 0:13:55]} 18. Qc2 {[%clk 0:11:54]} Qb6
{[%clk 0:13:28]} 19. Rfd1 {[%clk 0:11:14]} Bd7 {[%clk 0:13:23]} 20. e5
{[%clk 0:09:51]} Ba4 {[%clk 0:12:14]} 21. Qd2 {[%clk 0:09:21]} Bxd1
{[%clk 0:12:09]} 22. Qxd1 {[%clk 0:09:02]} d5 {[%clk 0:12:03]} 23. Qc2
{[%clk 0:08:40]} Rb8 {[%clk 0:12:01]} 24. Bc1 {[%clk 0:08:08]} Bf8
{[%clk 0:11:50]} 25. g4 {[%clk 0:07:03]} Nc6 {[%clk 0:11:49]} 26. Qd2
{[%clk 0:06:31]} Nxd4 {[%clk 0:11:43]} 27. Nxd4 {[%clk 0:05:45]} Bc5
{[%clk 0:11:44]} 28. f5 {[%clk 0:04:35]} Bxd4+ {[%clk 0:11:46]} 29. Kh1
{[%clk 0:04:38]} Bxe5 {[%clk 0:11:49]} 30. fxg6 {[%clk 0:03:52]} hxg6
{[%clk 0:11:50]} 31. Qg5 {[%clk 0:03:22]} Qf2 {[%clk 0:11:39]} 32. Bg2
{[%clk 0:02:47]} Qe1+ {[%clk 0:11:40]} 0-1

[Event "Portugal Open Semirrapidas"]
[Site "Lisboa POR"]
[Date "2020.02.02"]
[Round "7.40"]
[White "BOTELHO, Luis"]
[Black "ELIAS, Ruben"]
[Result "1-0"]
[BlackElo "1733"]
[WhiteElo "2050"]
[LiveChessVersion "1.4.8"]

1. e4 {[%clk 0:15:10]} e5 {[%clk 0:15:08]} 2. Nf3 {[%clk 0:15:13]} Nf6
{[%clk 0:15:10]} 3. Nxe5 {[%clk 0:15:17]} d6 {[%clk 0:15:13]} 4. Nf3
{[%clk 0:15:21]} Nxe4 {[%clk 0:15:15]} 5. Nc3 {[%clk 0:15:25]} Nxc3
{[%clk 0:15:16]} 6. dxc3 {[%clk 0:15:29]} Be7 {[%clk 0:15:03]} 7. Be3
{[%clk 0:15:32]} O-O {[%clk 0:15:05]} 8. Qd2 {[%clk 0:15:35]} Nc6
{[%clk 0:14:59]} 9. O-O-O {[%clk 0:15:38]} Be6 {[%clk 0:14:39]} 10. h4
{[%clk 0:15:40]} Ne5 {[%clk 0:14:32]} 11. Kb1 {[%clk 0:15:41]} Nxf3
{[%clk 0:14:33]} 12. gxf3 {[%clk 0:15:45]} Bxh4 {[%clk 0:14:27]} 13. Bd3
{[%clk 0:15:48]} g6 {[%clk 0:14:11]} 14. Bd4 {[%clk 0:15:18]} Bg5
{[%clk 0:12:52]} 15. f4 {[%clk 0:15:22]} Bf6 {[%clk 0:12:31]} 16. f5
{[%clk 0:15:26]} Bg5 {[%clk 0:09:46]} 17. f4 {[%clk 0:15:30]} Bd5
{[%clk 0:09:33]} 18. fxg5 {[%clk 0:12:52]} Bxh1 {[%clk 0:09:31]} 19. Rxh1
{[%clk 0:12:50]} f6 {[%clk 0:08:12]} 20. fxg6 {[%clk 0:11:56]} c5
{[%clk 0:04:19]} 21. Qh2 {[%clk 0:11:49]} Qd7 {[%clk 0:02:12]} 22. Bc4+
{[%clk 0:11:52]} d5 {[%clk 0:02:00]} 23. Bxd5+ {[%clk 0:11:56]} Rf7
{[%clk 0:01:33]} 24. Qxh7+ {[%clk 0:11:59]} Kf8 {[%clk 0:01:32]} 25. Qh8+
{[%clk 0:10:20]} Ke7 {[%clk 0:01:31]} 26. Bxc5+ {[%clk 0:10:23]} Qd6
{[%clk 0:01:28]} 27. gxf6+ {[%clk 0:07:44]} Kd7 {[%clk 0:01:15]} 28. Qh3+
{[%clk 0:05:25]} Kc7 {[%clk 0:01:16]} 29. Bxd6+ {[%clk 0:05:16]} Kxd6
{[%clk 0:01:19]} 30. Qe6+ {[%clk 0:05:17]} Kc7 {[%clk 0:01:10]} 31. Qxf7+
{[%clk 0:05:19]} Kd6 {[%clk 0:01:08]} 32. Qe6+ {[%clk 0:05:18]} Kc7
{[%clk 0:01:10]} 33. Rh7+ {[%clk 0:05:21]} Kb8 {[%clk 0:00:06]} 34. Rxb7#
{[%clk 0:05:15]} 1-0

[Event "Portugal Open Semirrapidas"]
[Site "Lisboa POR"]
[Date "2020.02.02"]
[Round "7.41"]
[White "NETO, Horacio"]
[Black "RAMOS, Nuno"]
[Result "1-0"]
[BlackElo "1723"]
[WhiteElo "2006"]
[LiveChessVersion "1.4.8"]

1. Nf3 {[%clk 0:15:07]} c5 {[%clk 0:15:08]} 2. c4 {[%clk 0:15:10]} Nc6
{[%clk 0:15:13]} 3. Nc3 {[%clk 0:15:14]} d6 {[%clk 0:15:15]} 4. g3
{[%clk 0:15:15]} e5 {[%clk 0:15:15]} 5. d3 {[%clk 0:15:19]} Nf6 {[%clk 0:15:11]}
6. Bg2 {[%clk 0:15:22]} Be7 {[%clk 0:15:08]} 7. O-O {[%clk 0:15:24]} O-O
{[%clk 0:15:08]} 8. a3 {[%clk 0:15:25]} a5 {[%clk 0:15:07]} 9. Rb1
{[%clk 0:15:24]} Rb8 {[%clk 0:15:03]} 10. e3 {[%clk 0:14:56]} Bg4
{[%clk 0:14:50]} 11. Qc2 {[%clk 0:14:16]} h6 {[%clk 0:14:34]} 12. h3
{[%clk 0:13:59]} Bh5 {[%clk 0:14:37]} 13. Nd5 {[%clk 0:12:55]} Bg6
{[%clk 0:14:07]} 14. Nh4 {[%clk 0:11:21]} Bh7 {[%clk 0:12:48]} 15. e4
{[%clk 0:10:28]} Nxd5 {[%clk 0:12:37]} 16. cxd5 {[%clk 0:10:18]} Nd4
{[%clk 0:12:41]} 17. Qd1 {[%clk 0:10:07]} Bxh4 {[%clk 0:12:41]} 18. gxh4
{[%clk 0:10:10]} Qxh4 {[%clk 0:12:45]} 19. Be3 {[%clk 0:09:05]} f5
{[%clk 0:12:01]} 20. f3 {[%clk 0:06:57]} fxe4 {[%clk 0:10:55]} 21. dxe4
{[%clk 0:06:31]} b5 {[%clk 0:07:29]} 22. Qd2 {[%clk 0:04:29]} a4 {[%clk 0:06:06]}
23. Bxd4 {[%clk 0:03:53]} cxd4 {[%clk 0:06:08]} 24. Rbc1 {[%clk 0:03:51]} Rfc8
{[%clk 0:05:29]} 25. Rc6 {[%clk 0:03:00]} Qe7 {[%clk 0:05:11]} 26. Rfc1
{[%clk 0:02:54]} Qd7 {[%clk 0:04:17]} 27. Qa5 {[%clk 0:02:31]} Bg6
{[%clk 0:03:03]} 28. Qa6 {[%clk 0:02:32]} Be8 {[%clk 0:02:47]} 29. Rxc8
{[%clk 0:02:26]} 1-0